Current Members of the House of Representatives - Statistics

General Stats
  • This quiz has been taken 590 times
    222 since last reset
  • The average score is 86 of 440
Answer Stats
State District Answer % Correct
CA 12 Nancy Pelosi
79%
NY 14 Alexandria Ocasio-Cortez
77%
OH 6 Bill Johnson
64%
SD at-large Dusty Johnson
64%
TX 30 Eddie Johnson
64%
GA 4 Hank Johnson
64%
MN 5 Ilhan Omar
64%
LA 4 Mike Johnson
64%
NJ 4 Chris Smith
61%
WA 9 Adam Smith
60%
NE 3 Adrian Smith
60%
MO 8 Jason T. Smith
60%
CA 23 Kevin McCarthy
58%
WY at-large Liz Cheney
54%
MI 13 Rashida Tlaib
53%
AK at-large Don Young
52%
OH 13 Tim Ryan
52%
MA 7 Ayanna Pressley
50%
MA 4 Joe Kennedy III
50%
TX 9 Al Green
48%
TN 7 Mark Green
48%
CA 13 Barbara Lee
47%
NY 2 Peter King
46%
TX 18 Sheila Jackson Lee
46%
IA 4 Steve King
46%
NV 3 Susie Lee
46%
SC 6 Jim Clyburn
45%
CA 25 Mike Garcia
42%
MD 5 Steny Hoyer
42%
HI 2 Tulsi Gabbard
42%
OH 4 Jim Jordan
41%
CA 5 Mike Thompson
41%
CA 52 Scott Peters
41%
NC 12 Alma Adams
40%
NJ 3 Andy Kim
40%
MD 4 Anthony G. Brown
40%
MS 2 Bennie Thompson
40%
PA 15 Glenn Thompson
40%
IL 4 Jesús García
40%
CA 43 Maxine Waters
40%
TX 29 Sylvia Garcia
40%
CA 28 Adam Schiff
39%
CA 53 Susan Davis
39%
GA 8 Austin Scott
38%
IL 7 Danny K. Davis
38%
GA 13 David Scott
38%
CA 45 Katie Porter
38%
VA 3 Robert Scott
38%
IL 13 Rodney Davis
38%
WV 3 Carol Miller
37%
NC 3 Greg Murphy
37%
WI 4 Gwen Moore
37%
NY 8 Hakeem Jeffries
37%
ME 2 Jared Golden
37%
FL 7 Stephanie Murphy
37%
MD 1 Andy Harris
36%
MN 7 Collin Peterson
36%
CA 22 Devin Nunes
36%
GA 9 Doug Collins
36%
AR 2 French Hill
36%
FL 1 Matt Gaetz
36%
KS 3 Sharice Davids
36%
AL 7 Terri Sewell
36%
WA 5 Cathy McMorris Rodgers
35%
MI 12 Debbie Dingell
34%
NM 1 Deb Haaland
34%
MI 11 Haley Stevens
34%
AL 3 Mike Rogers
34%
AZ 7 Ruben Gallego
34%
KY 5 Hal Rogers
33%
CA 17 Ro Khanna
33%
KY 6 Andy Barr
32%
AZ 2 Ann Kirkpatrick
32%
NY 16 Eliot Engel
32%
FL 24 Frederica Wilson
32%
MI 6 Fred Upton
32%
SC 2 Joe Wilson
32%
VT at-large Peter Welch
32%
TX 25 Roger Williams
32%
NY 18 Sean Patrick Maloney
32%
NY 12 Carolyn Maloney
31%
OH 11 Marcia Fudge
31%
AZ 3 Raúl Grijalva
31%
PA 1 Brian Fitzpatrick
30%
FL 23 Debbie Wasserman Schultz
30%
DC at-large Eleanor Holmes Norton
30%
MT at-large Greg Gianforte
30%
MD 8 Jamie Raskin
30%
MA 5 Katherine Clark
30%
OK 5 Kendra Horn
30%
WI 2 Mark Pocan
30%
PA 16 Mike Kelly
30%
CA 49 Mike Levin
30%
IL 2 Robin Kelly
30%
WI 3 Ron Kind
30%
OK 4 Tom Cole
30%
MS 1 Trent Kelly
30%
NY 9 Yvette Clarke
30%
MI 9 Andy Levin
29%
CA 35 Norma Torres
29%
TN 9 Steve Cohen
29%
CA 21 T.J. Cox
29%
NM 2 Xochitl Torres Small
29%
NH 2 Ann McLane Kuster
28%
MO 7 Billy Long
28%
IL 1 Bobby Rush
28%
RI 1 David Cicilline
28%
FL 27 Donna Shalala
28%
VA 2 Elaine Luria
28%
TN 6 John Rose
28%
MI 3 Justin Amash
28%
NY 4 Kathleen Rice
28%
DE at-large Lisa Blunt Rochester
28%
NY 11 Max Rose
28%
KS 1 Roger Marshall
28%
CT 3 Rosa DeLauro
28%
FL 3 Ted Yoho
28%
SC 7 Tom Rice
28%
TX 3 Van Taylor
28%
MO 1 William Clay
28%
AS at-large Amata Coleman Radewagen
27%
GA 1 Buddy Carter
27%
ME 1 Chellie Pingree
27%
TX 21 Chip Roy
27%
NY 6 Grace Meng
27%
WA 3 Jaime Herrera Beutler
27%
TX 31 John Carter
27%
CO 4 Ken Buck
27%
CA 38 Linda Sánchez
27%
AL 5 Mo Brooks
27%
AL 4 Robert Aderholt
27%
IN 7 André Carson
26%
NM 3 Ben Luján
26%
NJ 12 Bonnie Watson Coleman
26%
IA 2 Dave Loebsack
26%
NC 4 David Price
26%
TX 34 Filemon Vela, Jr.
26%
TN 5 Jim Cooper
26%
MA 2 Jim McGovern
26%
OH 9 Marcy Kaptur
26%
FL 25 Mario Díaz-Balart
26%
ID 2 Mike Simpson
26%
OR 4 Peter DeFazio
26%
MA 1 Richard Neal
26%
IN 5 Susan Brooks
26%
LA 6 Garret Graves
25%
MD 3 John Sarbanes
25%
CA 27 Judy Chu
25%
AL 2 Martha Roby
25%
MO 6 Sam Graves
25%
GA 14 Tom Graves
25%
CA 18 Anna Eshoo
24%
MA 9 Bill Keating
24%
NV 1 Dina Titus
24%
CA 6 Doris Matsui
24%
NY 21 Elise Stefanik
24%
CT 5 Jahana Hayes
24%
RI 2 Jim Langevin
24%
PA 18 Michael Doyle
24%
OH 1 Steve Chabot
24%
NY 23 Tom Reed
24%
FL 20 Alcee Hastings
23%
OH 16 Anthony Gonzalez
23%
MI 14 Brenda Lawrence
23%
TX 2 Dan Crenshaw
23%
CO 1 Diana DeGette
23%
PA 3 Dwight Evans
23%
IL 9 Jan Schakowsky
23%
SC 3 Jeff Duncan
23%
OH 3 Joyce Beatty
23%
CA 37 Karen Bass
23%
NY 17 Nita Lowey
23%
NY 7 Nydia Velázquez
23%
CA 8 Paul Cook
23%
AZ 4 Paul Gosar
23%
MI 10 Paul Mitchell
23%
GA 12 Rick W. Allen
23%
FL 10 Val Demings
23%
NJ 9 Bill Pascrell
22%
AL 1 Bradley Byrne
22%
PA 17 Conor Lamb
22%
NJ 10 Donald Payne, Jr.
22%
OR 2 Greg Walden
22%
PR at-large Jenniffer Gonzalez
22%
TX 8 Kevin Brady
22%
OR 1 Suzanne Bonamici
22%
FL 16 Vern Buchanan
22%
TX 15 Vicente González
22%
WV 1 David McKinley
21%
MN 3 Dean Phillips
21%
NY 5 Gregory Meeks
21%
NJ 2 Jeff Van Drew
21%
NY 10 Jerrold Nadler
21%
SC 1 Joe Cunningham
21%
FL 4 John Rutherford
21%
NY 15 José Serrano
21%
PA 5 Mary Gay Scanlon
21%
IL 16 Adam Kinzinger
20%
IL 11 Bill Foster
20%
OH 5 Bob Latta
20%
FL 19 Francis Rooney
20%
WA 7 Pramila Jayapal
20%
MS 4 Steven Palazzo
20%
IA 1 Abby Finkenauer
19%
VA 7 Abigail Spanberger
19%
MN 2 Angie Craig
19%
MN 4 Betty McCollum
19%
FL 18 Brian Mast
19%
IL 18 Darin LaHood
19%
OR 3 Earl Blumenauer
19%
IN 6 Greg Pence
19%
FL 14 Kathy Castor
19%
NY 25 Louise Slaughter
19%
PA 4 Madeleine Dean
19%
LA 1 Steve Scalise
19%
CA 15 Eric Swalwell
18%
IN 1 Pete Visclosky
18%
TX 6 Ron Wright
18%
AZ 5 Andy Biggs
17%
IA 3 Cindy Axne
17%
CA 50 Duncan Hunter
17%
TX 20 Joaquín Castro
17%
NH 1 Chris Pappas
16%
OK 1 Kevin Hern
16%
CA 36 Raul Ruiz
16%
CA 7 Ami Berra
15%
FL 11 Daniel Webster
15%
NE 2 Don Bacon
15%
IL 14 Lauren Underwood
15%
TX 1 Louie Gohmert
15%
GA 6 Lucy McBath
15%
PA 7 Susan Wild
15%
CA 33 Ted Lieu
15%
UT 4 Ben McAdams
13%
PA 2 Brendan F. Boyle
13%
LA 2 Cedric Richmond
13%
IL 17 Cheri Bustos
13%
AZ 6 David Schweikert
13%
AZ 8 Debbie Lesko
13%
MI 8 Elissa Slotkin
13%
CA 48 Harley Rouda
13%
CA 34 Jimmy Gomez
13%
NY 24 John Katko
13%
NY 1 Lee Zeldin
13%
TX 23 Will Hurd
13%
MO 3 Blaine Luetkemeyer
12%
FL 13 Charlie Crist
12%
HI 1 Ed Case
12%
NC 11 Mark Meadows
12%
KY 4 Thomas Massie
12%
MO 4 Vicky Hartzler
12%
NY 22 Anthony Brindisi
11%
NY 19 Antonio Delgado
11%
CA 30 Brad Sherman
11%
UT 2 Chris Stewart
11%
NC 9 Dan Bishop
11%
FL 26 Debbie Mucarsel-Powell
11%
PA 12 Fred Keller
11%
TX 28 Henry Cuellar
11%
CO 6 Jason Crow
11%
VA 10 Jennifer Wexton
11%
CA 3 John Garamendi
11%
KY 3 John Yarmuth
11%
NJ 5 Josh Gottheimer
11%
MD 7 Kweisi Mfume
11%
CA 40 Lucille Roybal-Allard
11%
UT 1 Rob Bishop
11%
GA 2 Sanford Bishop
11%
AZ 1 Tom O'Halleran
11%
NY 27 Chris Jacobs
10%
VA 5 Denver Riggleman
10%
NC 1 G.K. Butterfield
10%
NC 6 Mark Walker
10%
PA 10 Scott Perry
10%
MA 6 Seth Moulton
10%
NV 4 Steven Horsford
10%
NC 5 Virginia Foxx
10%
MO 2 Ann Wagner
9%
NY 26 Brian Higgins
9%
LA 3 Clay Higgins
9%
TX 32 Colin Allred
9%
MI 5 Dan Kildee
9%
CA 1 Doug LaMalfa
9%
MO 5 Emanuel Cleaver
9%
AL 6 Gary Palmer
9%
CA 39 Gil Cisneros
9%
AZ 9 Greg Stanton
9%
CA 2 Jared Huffman
9%
NE 1 Jeff Fortenberry
9%
CO 2 Joe Neguse
9%
ND at-large Kelly Armstrong
9%
CA 42 Ken Calvert
9%
OH 10 Mike Turner
9%
AR 1 Rick Crawford
9%
CO 3 Scott Tipton
9%
MA 8 Stephen F. Lynch
9%
NJ 7 Tom Malinowski
9%
CA 4 Tom McClintock
9%
WI 7 Tom Tiffany
9%
OH 8 Warren Davidson
9%
NY 13 Adriano Espaillat
8%
FL 5 Al Lawson
8%
MI 2 Bill Huizenga
8%
MD 6 David Trone
8%
CO 7 Ed Perlmutter
8%
CA 14 Jackie Speier
8%
TX 19 Jodey Arrington
8%
UT 3 John Curtis
8%
WA 8 Kim Schrier
8%
NV 2 Mark Amodei
8%
OK 2 Markwayne Mullin
8%
PA 8 Matt Cartwright
8%
WI 8 Mike Gallagher
8%
NJ 11 Mikie Sherrill
8%
VA 9 Morgan Griffith
8%
FL 2 Neal Dunn
8%
NC 8 Richard Hudson
8%
IL 6 Sean Casten
8%
NY 3 Thomas Suozzi
8%
MN 6 Tom Emmer
8%
TX 16 Veronica Escobar
8%
WV 2 Alex Mooney
7%
GA 11 Barry Loudermilk
7%
VA 6 Ben Cline
7%
IL 10 Brad Schneider
7%
WI 1 Bryan Steil
7%
IL 3 Dan Lipinski
7%
WA 4 Dan Newhouse
7%
OH 14 David Joyce
7%
VA 8 Don Beyer
7%
VA 11 Gerry Connolly
7%
FL 17 Greg Steube
7%
MI 1 Jack Bergman
7%
IN 3 Jim Banks
7%
MN 1 Jim Hagedorn
7%
CT 4 Jim Himes
7%
WI 5 Jim Sensenbrenner
7%
CT 2 Joe Courtney
7%
CT 1 John B. Larson
7%
PA 13 John Joyce
7%
MI 4 John Moolenaar
7%
CA 51 Juan Vargas
7%
TX 12 Kay Granger
7%
OR 5 Kurt Schrader
7%
TX 7 Lizzie Pannill Fletcher
7%
MA 3 Lori Trahan
7%
CA 41 Mark Takano
7%
FL 6 Michael Waltz
7%
IL 12 Mike Bost
7%
IL 5 Mike Quigley
7%
CA 44 Nanette Barragán
7%
NY 20 Paul Tonko
7%
MN 8 Pete Stauber
7%
IL 8 Raja Krishnamoorthi
7%
TX 14 Randy Weber
7%
OH 12 Troy Balderson
7%
CA 19 Zoe Lofgren
7%
FL 9 Darren Soto
6%
WA 6 Derek Kilmer
6%
VA 4 Donald McEachin
6%
CO 5 Doug Lamborn
6%
MD 2 Dutch Ruppersberger
6%
CA 10 Josh Harder
6%
TX 35 Lloyd Doggett
6%
TN 1 Phil Roe
6%
CA 24 Salud Carbajal
6%
TN 4 Scott DesJarlais
6%
AR 3 Steve Womack
6%
FL 21 Ted Deutch
6%
MI 7 Tim Walberg
6%
NJ 8 Albio Sires
5%
FL 8 Bill Posey
5%
OH 2 Brad Wenstrup
5%
AR 4 Bruce Westerman
5%
PA 6 Chrissy Houlahan
5%
NJ 1 Donald Norcross
5%
GA 3 Drew Ferguson
5%
NJ 6 Frank Pallone
5%
WI 6 Glenn Grothman
5%
CA 32 Grace Napolitano
5%
PA 14 Guy Reschenthaler
5%
IN 2 Jackie Walorski
5%
CA 16 Jim Costa
5%
CA 20 Jimmy Panetta
5%
GA 10 Jody Hice
5%
CA 26 Julia Brownley
5%
FL 22 Lois Frankel
5%
TX 33 Marc Veasey
5%
CA 11 Mark DeSaulnier
5%
TX 26 Michael Burgess
5%
TX 10 Michael McCaul
5%
NC 10 Patrick McHenry
5%
CA 31 Pete Aguilar
5%
SC 5 Ralph Norman
5%
VA 1 Rob Wittman
5%
FL 15 Ross Spano
5%
VI at-large Stacey Plaskett
5%
KS 2 Steve Watkins
5%
NC 13 Ted Budd
5%
CA 29 Tony Cardénas
5%
IN 9 Trey Hollingsworth
5%
SC 4 William Timmons
5%
CA 47 Alan Lowenthal
4%
TX 17 Bill Flores
4%
OH 7 Bob Gibbs
4%
KY 2 Brett Guthrie
4%
PA 9 Dan Meuser
4%
NC 7 David Rouzer
4%
NC 2 George Holding
4%
FL 12 Gus Bilirakis
4%
KY 1 James Comer
4%
CA 9 Jerry McNerney
4%
TX 4 John Ratcliffe
4%
TX 24 Kenny Marchant
4%
PA 11 Lloyd Smucker
4%
CA 46 Lou Correa
4%
MS 3 Michael Guest
4%
WA 2 Rick Larsen
4%
KS 4 Ron Estes
4%
ID 1 Russ Fulcher
4%
OH 15 Steve Stivers
4%
WA 1 Suzan DelBene
4%
TN 3 Chuck Fleischmann
3%
TN 8 David Kustoff
3%
WA 10 Dennis Heck
3%
OK 3 Frank Lucas
3%
IN 4 Jim Baird
3%
IL 15 John Shimkus
3%
TX 5 Lance Gooden
3%
TX 13 Mac Thornberry
3%
TX 27 Michael Cloud
3%
TX 22 Pete Olson
3%
LA 5 Ralph Abraham
3%
GA 7 Rob Woodall
3%
TN 2 Tim Burchett
3%
TX 11 Mike Conaway
2%
NMI at-large Gregorio Sablan
1%
IN 8 Larry Buchson
1%
GU at-large Michael San Nicolas
1%
TX 36 Brian Bablin
0%
No matching quizzes found
Score Distribution
Percent of People with Each Score
Percentile by Number Answered
Your Score History
You have not taken this quiz since the last reset